Freelance graphics for windows 2 made easy
| Main Author: | |
|---|---|
| Format: | Book |
| Published: |
Berkeley, Calif. :
Osborne McGraw-Hill ,
1993
|
| Subjects: |
MARC
| LEADER | 00000cam a2200000 7i4500 | ||
|---|---|---|---|
| 001 | 0000009975 | ||
| 002 | 000010869 | ||
| 005 | 20000330.0 | ||
| 020 | |a 0078818990 | ||
| 090 | 0 | 0 | |a 006.68 |b PFA |
| 100 | 1 | |a Pfaffenberger, Bryan | |
| 245 | 1 | 0 | |a Freelance graphics for windows 2 made easy |c Bryan Pfaffenberger |
| 260 | |a Berkeley, Calif. : |b Osborne McGraw-Hill , |c 1993 | ||
| 300 | |a 341 p. : |b ill. ; |c 24 cm. | ||
| 650 | 0 | 0 | |a Computer graphics |
| 999 | |a 053000 |b BUKU |c PINJAMAN |e PERPUSTAKAAN KOMUNITI PETALING JAYA | ||
| 999 | |a 053049 |b BUKU |c PINJAMAN |e PERPUSTAKAAN KOMUNITI PETALING JAYA | ||